000 01223naa a22003377a 4500
001 BR7905001
003 BR-BrBNA
005 20240918174425.0
007 ta
008 230509b bl.||||| |||| 00| 0 por d
040 _aBR-BrBNA
_bpor
_cBiblioteca Nacional de Agricultura
041 _a(Pt)
072 _aL72; L73
_b4020
_b4140
_b7300
_bG514
090 _aL72 BR7905001
100 1 _aMoya Borja, G.E.
111 1 _a1. Seminario Nacional sobre Parasitoses dos Bovinos
_cCampo Grande, MS (Brazil)
_d23 Jul 1979
245 1 _aControle da miiase causada pela Cochliomyia hominivorax [Controle biologico; Brasil]
260 3 _aCampo Grande, MS (Brasil):
_c1979.
500 _aAnais do 1. Seminario Nacional sobre Parasitoses dos Bovinos Campo Grande, MS (Brasil): 1979. p. 341-344 (BR7905001-AM)L72
650 _aPraga de animal
650 _aDoenca animal
650 _aMosca
650 _aBerne
650 _aMiiase
650 _aParasito de animal
650 _aControle biologico
650 _aInseto
773 0 _tAnais do 1. Seminario Nacional sobre Parasitoses dos Bovinos
_wL72 BR7905001
_gCampo Grande, MS (Brasil), 1979. p. 341-344
909 _a202404
_bLucia
_c55
_dLucia Elande
942 _cAM
_2AGRIS
999 _c311148
_d311148